Normal view
MARC view
- بني سلامة، محمد خلف، م مشارك خلوق ضيف الله آغا
Entry Personal Name
001 - CONTROL NUMBER
- control field: 63131
003 - CONTROL NUMBER IDENTIFIER
- control field: JO-AjAnu
005 - DATE AND TIME OF LATEST TRANSACTION
- control field: 20230606084315.0
008 - FIXED-LENGTH DATA ELEMENTS
- fixed length control field: 230606|| aca||aabn | a|a d
040 ## - CATALOGING SOURCE
- Original cataloging agency: JO-AjAnu
- Transcribing agency: JO-AjAnu
100 ## - HEADING--PERSONAL NAME
- Personal name: بني سلامة، محمد خلف، م مشارك خلوق ضيف الله آغا
670 ## - SOURCE DATA FOUND
- Source citation: Work cat.: (JO-AjAnu)32188: بني سلامة، محمد خلف، م مشارك خلوق ضيف الله آغا, author, نظام الاسرة والمجتمع في الاسلام